000 00965nam a2200265Ia 4500
003 OSt
005 20221005103234.0
006 a|||||r|||| 00| 0
007 ta
008 221004b |||||||| |||| 00| 0 san d
020 _a9788192853482 (hbk)
_c375
024 _a14814
037 _b144, 28/10/2014, Eastern Book Linkers
_cTextual
040 _aCRL
_cCRL
_bsan
041 _2san
_asan
082 _aO15,1NSHx, 152Q4
100 _aशर्मा, श्रीकृष्ण
245 0 _aकाव्यमाधुरी
246 _aKāvyamādhurī
260 _aकुरूक्षेत्र
_bनिर्मल पब्लिशिंग हाउस भारत
_c2014
300 _a79पृ0
_ccm.
650 _aसंस्कृत साहित्य
942 _hO15,1NSHx, 152Q4
_cTEXL
_2cc
999 _c1009661
_d1009661